000 00812nam a22002537a 4500
003 OSt
005 20220924113705.0
006 a|||||r|||| 00| 0
007 ta
008 Pun
024 _a235217
037 _cGeneral Books
040 _aARTS
_cARTS
_bPun
041 _2Pun
_aPun
082 _aB9, 153L3
100 _aਫੇਸੇਨਕੋਵ, ਏ ੳਪਾਰਨ ਤੇ ਵੀ;
_9170393
245 0 _aਬ੍ਰਹਿਮੰਡ
260 _aਦਿੱਲੀ
_b ਨਵਯੁਗ ਪਬਲੀFਰਗ਼
_c1973
300 _a259ਪੰ
650 _aਰੁੈਥਸ
_9170394
700 _a ਜੋਗਾ ਸਿੰਘ, ੳਗ।
942 _hB9, 153L3
_cGB
_2CC
999 _c390474
_d390474